| 000 | 01048nam a2200325Ia 4500 | ||
|---|---|---|---|
| 001 | 7056 | ||
| 003 | DO-SdBNP | ||
| 005 | 20240705085245.0 | ||
| 008 | 140604s 1977 dr 000 0 spa | ||
| 020 | _a9993432210 | ||
| 040 |
_aBPMSU _bspa _cBPMSU |
||
| 082 | 4 |
_aRD863.44 _bD542a, 1977 _222 |
|
| 092 | _a | ||
| 100 | 1 |
_aDíaz Grullón, Virgilio, _d1924-2001 |
|
| 245 | 1 | 4 |
_aLos Algarrobos tambien sueñan / _cVirgilio Díaz Grullón |
| 246 | 1 | 4 |
_aLos Algarrobos también sueñan : _bnovela |
| 250 | _a | ||
| 260 |
_aSanto Domingo : _bEditora Cole, _c1977 |
||
| 300 |
_a79 p. : _bil. ; _c20 cm. |
||
| 500 | _a Premio Nacional de Novela, 1977 | ||
| 500 | _aIncluye datos biográficos del autor en la solapa de la cubierta | ||
| 586 | _aPremio Nacional Manuel de Jesús Galván, 1977 | ||
| 590 | _aInventariado, 2024/VM | ||
| 650 | 4 | _aNovela histórica dominicana | |
| 650 | 4 | _aLiteratura dominicana | |
| 852 | _t1 | ||
| 856 | _3Archivo Digital Biblioteca Nacional | ||
| 910 | _a VMateo V. Control de calidad. BPMSU | ||
| 942 |
_2ddc _cBK |
||
| 999 |
_c13289 _d13289 |
||